000 00516nam a2200217Ia 4500
008 210210b2005 xxu||||| |||| 00| 0 eng d
020 _a818128349X
041 _aeng
082 _a664 VACE
100 _aVACLAVIK (Vickie A)
245 _aEssentials of food science Ed 2
250 _a
260 _aNew Delhi
_bSpringer
_c2005
300 _axvii,482
650 _ascience
650 _afood
650 _aEssentials
690 _aFood Technology
700 _aCHRISTIAN (Elizabeth W)
906 _a074144
999 _c123890
_d123890